000 01063nam0a22002531 4500
001 rc\341648
005 20250621045457.0
035 _a(NLR Aleph) 005583523
090 _a6137403
_c6137403
100 _a20030307d1989 |||y0rusy50 ca
101 0 _arus
102 _aRU
105 _aa |||||||||
200 1 _aРАЗМЕРНОСТЬ электронного газа и особенности кинетических свойств слоистого полупроводника в области температур 4.3-300K
_fА.И. Дмитриев, З.Д. Ковалюк, В.И. Лазоренко и др.
210 _aКиев
_cКПМ
_d1989
215 _a[1], 20 с.
_cил.
_d20
225 1 _aПрепринт
_fАН УССР. Ин-т пробл. материаловедения им. И.Н. Францевича
_v№ 2
320 _aБиблиогр.: с. 20
701 1 _aДмитриев
_bА.И.
_gАлександр Ильич
801 0 _aRU
_bNLR
_gpsbo
801 1 _aRU
_bELAR
_2rusmarc
852 _aNLR
_j89-4/11696
942 _cBOOK
980 _aNB